[Event "Perenyi Bela Memorial"]
[Site "Budapest"]
[Date "2016.01.07"]
[Round "2.13"]
[White "Czegledi, Barna Jr"]
[Black "Palvolgyi, Istvan"]
[Result "1-0"]
[WhiteElo "2127"]
[BlackElo "1913"]
[PlyCount "67"]
[EventDate "2016.01.06"]
[EventType "swiss"]
[EventRounds "9"]
[EventCountry "HUN"]

1. d4 Nf6 2. c4 g6 3. Nc3 Bg7 4. e4 d6 5. Nge2 Nbd7 6. Ng3 h5 7. h3 h4 8. Nge2
e5 9. d5 Nc5 10. Bg5 Rh5 11. Bxf6 Qxf6 12. Nc1 a5 13. Nd3 Nxd3+ 14. Qxd3 Bd7
15. Be2 Rh8 16. O-O Bh6 17. a3 b6 18. b4 Bf8 19. Rfc1 Be7 20. Bd1 Kf8 21. Ba4
Bxa4 22. Nxa4 Kg7 23. c5 dxc5 24. bxc5 bxc5 25. Nxc5 Bd6 26. Rab1 Qe7 27. Na6
Ra7 28. a4 Qd7 29. Nb8 Qxa4 30. Nc6 Raa8 31. Ra1 Qxa1 32. Rxa1 a4 33. f4 exf4
34. Qc4 1-0

[Event "Perenyi Bela Memorial"]
[Site "Budapest"]
[Date "2016.01.07"]
[Round "2.14"]
[White "Bodrogi, Laszlo"]
[Black "Vargyas, Zoltan"]
[Result "0-1"]
[WhiteElo "1928"]
[BlackElo "2127"]
[PlyCount "42"]
[EventDate "2016.01.06"]
[EventType "swiss"]
[EventRounds "9"]
[EventCountry "HUN"]

1. e4 e6 2. d4 d5 3. Nc3 Bb4 4. e5 Ne7 5. a3 Bxc3+ 6. bxc3 c5 7. Nf3 Bd7 8. a4
Qa5 9. Bd2 Nbc6 10. dxc5 Ng6 11. c4 Qxc5 12. Rb1 O-O-O 13. Rb5 Qe7 14. Bc3 f6
15. exf6 gxf6 16. Bd2 Nge5 17. Nxe5 Nxe5 18. Rb4 Bc6 19. Qb1 dxc4 20. f4 Qd6
21. Be3 Ng4 0-1

[Event "Perenyi Bela Memorial"]
[Site "Budapest"]
[Date "2016.01.08"]
[Round "3.1"]
[White "Grimm, Daniel"]
[Black "Vargyas, Zoltan"]
[Result "1-0"]
[WhiteElo "2319"]
[BlackElo "2127"]
[PlyCount "97"]
[EventDate "2016.01.06"]
[EventType "swiss"]
[EventRounds "9"]
[EventCountry "HUN"]

1. e4 e6 2. d4 d5 3. Nc3 Bb4 4. a3 Bxc3+ 5. bxc3 dxe4 6. Qg4 Nf6 7. Qxg7 Rg8 8.
Qh6 c5 9. Bb2 Nc6 10. O-O-O Ng4 11. Qd2 Qg5 12. Qxg5 Rxg5 13. Nh3 Rf5 14. Rd2
Bd7 15. f3 exf3 16. Bd3 Rh5 17. gxf3 Rxh3 18. fxg4 O-O-O 19. Rf1 e5 20. d5 Na5
21. c4 e4 22. Bxe4 Nxc4 23. Rd3 Rxh2 24. Rc3 b5 25. Bd3 Nxb2 26. Rxc5+ Kb7 27.
Kxb2 Kb6 28. Rc3 Be8 29. Rf6+ Kb7 30. d6 Kb8 31. Rc5 a6 32. g5 Rh4 33. Re5 Rh2
34. Re7 Rg2 35. Re5 Rh2 36. Be4 Re2 37. Re7 Rd2 38. Bxh7 Rd5 39. Bf5 Bc6 40.
Be4 Rc5 41. Rc7 Rxd6 42. Rxc6 Rdxc6 43. Bxc6 Kc7 44. Be4 Rxg5 45. Rxf7+ Kb6 46.
Rf6+ Ka7 47. Kb3 Rg4 48. Re6 a5 49. a4 1-0

[Event "Perenyi Bela Memorial"]
[Site "Budapest"]
[Date "2016.01.08"]
[Round "3.2"]
[White "Orso, Miklos"]
[Black "Piroska, Istvan"]
[Result "1/2-1/2"]
[WhiteElo "2283"]
[BlackElo "2104"]
[PlyCount "49"]
[EventDate "2016.01.06"]
[EventType "swiss"]
[EventRounds "9"]
[EventCountry "HUN"]

1. c4 e6 2. Nf3 d5 3. b3 d4 4. Bb2 c5 5. e3 Nc6 6. a3 Nf6 7. exd4 cxd4 8. b4 a6
9. d3 Bd6 10. g3 e5 11. Bg2 O-O 12. O-O Re8 13. Nbd2 Bg4 14. Re1 h6 15. Rc1 Rc8
16. h3 Bf5 17. Qe2 Qd7 18. Qf1 Bb8 19. Nb3 b6 20. Nfd2 h5 21. Ne4 Nxe4 22. dxe4
Be6 23. Red1 Qe7 24. Nd2 Bd6 25. Rc2 1/2-1/2

[Event "Perenyi Bela Memorial"]
[Site "Budapest"]
[Date "2016.01.08"]
[Round "3.3"]
[White "Mezei, Csaba"]
[Black "Szalanczy, Emil"]
[Result "0-1"]
[WhiteElo "2045"]
[BlackElo "2267"]
[PlyCount "100"]
[EventDate "2016.01.06"]
[EventType "swiss"]
[EventRounds "9"]
[EventCountry "HUN"]

1. d4 Nf6 2. e3 g6 3. f4 Bg7 4. Nf3 O-O 5. Bd3 c5 6. c3 d6 7. O-O Nc6 8. Bc4 b6
9. Nbd2 Bb7 10. a4 Rc8 11. Qe2 Rc7 12. Bb5 Qc8 13. e4 cxd4 14. Bxc6 Rxc6 15.
Nxd4 Rc5 16. f5 Re5 17. N4f3 Qxf5 18. Nxe5 Qxe5 19. Re1 h5 20. h3 Rc8 21. a5
bxa5 22. Nf3 Qg3 23. Be3 Nxe4 24. Bxa7 Nc5 25. Bxc5 Rxc5 26. Qf2 Qxf2+ 27. Kxf2
Bf6 28. Re2 Rf5 29. Ra4 e6 30. Rd2 Be7 31. Rd3 Kg7 32. g4 Rb5 33. b4 Bxf3 34.
Kxf3 hxg4+ 35. hxg4 axb4 36. Rxb4 Rc5 37. c4 Rc7 38. Rdb3 Bf6 39. Ke4 Rc5 40.
Rd3 Be5 41. Rh3 g5 42. Kd3 Ra5 43. Ke4 Ra1 44. Rb5 Rc1 45. Rxe5 dxe5 46. Kd3 f5
47. Rh2 Rd1+ 48. Kc3 e4 49. c5 Kf6 50. Rh6+ Ke5 0-1

[Event "Perenyi Bela Memorial"]
[Site "Budapest"]
[Date "2016.01.08"]
[Round "3.4"]
[White "Ritter, Gabor Dr"]
[Black "Koczo, Kristof"]
[Result "0-1"]
[WhiteElo "2039"]
[BlackElo "2198"]
[PlyCount "130"]
[EventDate "2016.01.06"]
[EventType "swiss"]
[EventRounds "9"]
[EventCountry "HUN"]

1. d4 d5 2. Nf3 Nf6 3. c4 c6 4. e3 a6 5. Nc3 b5 6. b3 Bg4 7. h3 Bh5 8. Be2 e6
9. O-O Nbd7 10. Nh2 Bxe2 11. Qxe2 Be7 12. Nf3 O-O 13. Rd1 Qc7 14. cxd5 cxd5 15.
Bb2 Rfc8 16. Rdc1 Qb7 17. Rc2 Rc6 18. Rac1 Rac8 19. Ne1 R8c7 20. Nb1 Nb8 21.
Rxc6 Rxc6 22. Rxc6 Qxc6 23. Qc2 Kf8 24. Qxc6 Nxc6 25. Nd3 Ke8 26. Kf1 Nb4 27.
Nxb4 Bxb4 28. Ke2 Kd7 29. f3 g6 30. Ba3 Ba5 31. Kd3 Nh5 32. Bc1 Ng3 33. Bd2 Bd8
34. Be1 Nf5 35. g4 Nd6 36. Bb4 Nb7 37. Nd2 Bh4 38. Nb1 Nd8 39. Bc5 Kc6 40. f4
Nb7 41. Ba3 Be1 42. Bb2 Nd6 43. Ke2 Bb4 44. Bc3 Bxc3 45. Nxc3 b4 46. Nd1 Ne4
47. Kd3 a5 48. Kc2 Kb5 49. Kd3 h6 50. Kc2 f5 51. gxf5 gxf5 52. Kd3 Kc6 53. Kc2
Kd6 54. Kb2 Ke7 55. a3 Kf6 56. axb4 axb4 57. Kc2 Kg6 58. Nb2 Kh5 59. Nd3 Kh4
60. Nxb4 Kxh3 61. Nc6 h5 62. Nd8 h4 63. Nxe6 Kg4 64. Ng5 Nxg5 65. fxg5 Kxg5 0-1

[Event "Perenyi Bela Memorial"]
[Site "Budapest"]
[Date "2016.01.08"]
[Round "3.5"]
[White "Boguszlavszkij, Jevgenyij"]
[Black "Szlabey, Geza"]
[Result "1-0"]
[WhiteElo "2193"]
[BlackElo "1937"]
[PlyCount "73"]
[EventDate "2016.01.06"]
[EventType "swiss"]
[EventRounds "9"]
[EventCountry "HUN"]

1. e4 d6 2. g3 g6 3. Bg2 Bg7 4. f4 c6 5. Nf3 Nf6 6. d3 Qb6 7. Na3 Ng4 8. d4 e5
9. c3 exd4 10. Nxd4 Bxd4 11. Qxd4 Qxd4 12. cxd4 O-O 13. O-O f5 14. e5 d5 15. h3
Nh6 16. Bd2 Na6 17. b4 Nc7 18. b5 a6 19. bxc6 bxc6 20. Rab1 Ne6 21. Nc2 a5 22.
Rb6 Nd8 23. Rfb1 Ba6 24. Rb8 Rxb8 25. Rxb8 Nb7 26. Rxf8+ Kxf8 27. a4 Bc4 28.
Ne3 Bb3 29. Bf1 Nf7 30. g4 fxg4 31. hxg4 c5 32. dxc5 Nxc5 33. Bxa5 Nxa4 34.
Bb4+ Kg7 35. e6 Nd6 36. Bxd6 Kf6 37. e7 1-0

[Event "Perenyi Bela Memorial"]
[Site "Budapest"]
[Date "2016.01.08"]
[Round "3.6"]
[White "Letay, Gyula"]
[Black "Czegledi, Barna Jr"]
[Result "1/2-1/2"]
[WhiteElo "1931"]
[BlackElo "2127"]
[PlyCount "25"]
[EventDate "2016.01.06"]
[EventType "swiss"]
[EventRounds "9"]
[EventCountry "HUN"]

1. Nf3 g6 2. g3 Bg7 3. Bg2 d6 4. d3 c5 5. Nbd2 Nc6 6. h3 e5 7. e4 Nge7 8. Qe2
O-O 9. O-O h6 10. Re1 Be6 11. Nf1 Nd4 12. Nxd4 cxd4 13. c4 1/2-1/2

[Event "Perenyi Bela Memorial"]
[Site "Budapest"]
[Date "2016.01.08"]
[Round "3.7"]
[White "Borda, Lajos"]
[Black "Nemeth, Zoltan"]
[Result "0-1"]
[WhiteElo "2091"]
[BlackElo "2299"]
[PlyCount "124"]
[EventDate "2016.01.06"]
[EventType "swiss"]
[EventRounds "9"]
[EventCountry "HUN"]

1. e4 e5 2. Nf3 Nc6 3. Bc4 Bc5 4. c3 Nf6 5. b4 Bb6 6. d3 d6 7. Bg5 Be6 8. Nbd2
h6 9. Bxf6 Qxf6 10. Bxe6 fxe6 11. Nc4 d5 12. Nxb6 axb6 13. O-O dxe4 14. dxe4
O-O 15. Qc2 Ne7 16. Rfe1 Ng6 17. Re3 Qf4 18. a4 Qg4 19. h3 Qh5 20. g4 Qxh3 21.
Nxe5 Qxe3 22. fxe3 Nxe5 23. Rf1 Nxg4 24. Rf4 h5 25. e5 Nxe3 26. Qe4 Rxf4 27.
Qxf4 Nd5 28. Qh4 Rf8 29. Qxh5 Nxc3 30. Qg4 Rf5 31. Qc4 Nd5 32. Qe4 Kf7 33. a5
Rf4 34. Qe2 Kg6 35. axb6 cxb6 36. Qc2+ Rf5 37. b5 Kg5 38. Qh2 Rf4 39. Qh7 Rg4+
40. Kf2 Kf4 41. Qh3 Rg6 42. Qh5 Rg5 43. Qh4+ Rg4 44. Qh3 Kg5 45. Qh8 Rf4+ 46.
Kg3 g6 47. Qh3 Nc7 48. Qh7 Rg4+ 49. Kf3 Nd5 50. Qh8 Rf4+ 51. Kg3 Kf5 52. Qg7 g5
53. Qh8 g4 54. Kh4 Ke4 55. Kg3 Ne3 56. Qb8 Rf3+ 57. Kh4 Kf4 58. Kh5 g3 59. Qg8
g2 60. Qg5+ Ke4 61. Qg6+ Kd4 62. Kh4 Nf5+ 0-1

[Event "Perenyi Bela Memorial"]
[Site "Budapest"]
[Date "2016.01.08"]
[Round "3.8"]
[White "Lengyel, Bela"]
[Black "Bodrogi, Mihaly"]
[Result "1-0"]
[WhiteElo "2246"]
[BlackElo "2038"]
[PlyCount "69"]
[EventDate "2016.01.06"]
[EventType "swiss"]
[EventRounds "9"]
[EventCountry "HUN"]

1. e4 c5 2. Nf3 Nc6 3. d4 cxd4 4. Nxd4 g6 5. Nc3 Bg7 6. Be3 Nf6 7. Nb3 O-O 8.
Be2 d6 9. O-O Be6 10. f4 Na5 11. f5 Bc4 12. Bg5 Bxe2 13. Qxe2 Rc8 14. Nd5 Nxd5
15. exd5 Nc4 16. c3 Ne5 17. Rad1 Qd7 18. g4 a6 19. Rd4 Rc7 20. Nd2 b5 21. Ne4
f6 22. Be3 Kf7 23. Qg2 Rg8 24. Qh3 Kf8 25. g5 gxf5 26. Rxf5 Nf7 27. Ng3 fxg5
28. Qf1 e6 29. dxe6 Qxe6 30. Re4 Qxa2 31. Qd1 Rc6 32. c4 Be5 33. Rxf7+ Kxf7 34.
Qd5+ Kg6 35. Qxc6 1-0

[Event "Perenyi Bela Memorial"]
[Site "Budapest"]
[Date "2016.01.08"]
[Round "3.9"]
[White "Horvath, Jeno Kalman"]
[Black "Mihalka, Zsolt"]
[Result "0-1"]
[WhiteElo "1997"]
[BlackElo "2233"]
[PlyCount "102"]
[EventDate "2016.01.06"]
[EventType "swiss"]
[EventRounds "9"]
[EventCountry "HUN"]

1. d4 g6 2. e4 Bg7 3. Nc3 d6 4. Be3 a6 5. a4 Nf6 6. f3 Nc6 7. Qd2 O-O 8. Nge2
e5 9. d5 Nb4 10. Nd1 a5 11. Nf2 c6 12. c4 cxd5 13. cxd5 Ne8 14. Nc3 f5 15. Nd3
Nf6 16. Bg5 fxe4 17. Nxb4 axb4 18. Nxe4 Nxe4 19. fxe4 Bf6 20. Be3 Qa5 21. Bd3
b5 22. b3 Bh4+ 23. g3 Be7 24. Rf1 Bd7 25. Rxf8+ Rxf8 26. Ra2 Ra8 27. Qf2 Kg7
28. Bb6 Qa6 29. Rc2 Rf8 30. Qe3 Bg5 31. Qg1 Rc8 32. Rc7 Rxc7 33. Bxc7 Qc8 34.
Qb6 bxa4 35. bxa4 Bxa4 36. Qxd6 Qg4 37. Be2 Qxe4 38. Qxe5+ Qxe5 39. Bxe5+ Bf6
40. Bf4 Bc3+ 41. Kf2 Kf6 42. Bd3 Be5 43. Ke3 Bd7 44. h4 b3 45. Bg5+ Kf7 46. Bf4
Bxf4+ 47. gxf4 Bf5 48. Kd2 Ke7 49. Bxf5 gxf5 50. Kc3 Kd6 51. Kxb3 Kxd5 0-1

[Event "Perenyi Bela Memorial"]
[Site "Budapest"]
[Date "2016.01.08"]
[Round "3.10"]
[White "Halak, Miklos"]
[Black "Kovacsy, Barnabas"]
[Result "1-0"]
[WhiteElo "2220"]
[BlackElo "1943"]
[PlyCount "67"]
[EventDate "2016.01.06"]
[EventType "swiss"]
[EventRounds "9"]
[EventCountry "HUN"]

1. e4 c5 2. c3 d5 3. exd5 Qxd5 4. d4 Nf6 5. Nf3 e6 6. Na3 Nc6 7. Be3 cxd4 8.
Nb5 Qd7 9. Nbxd4 Nd5 10. Bd2 Be7 11. Bb5 Bd6 12. O-O O-O 13. c4 Nf6 14. Qa4
Bxh2+ 15. Kh1 Rb8 16. Bxc6 bxc6 17. Kxh2 Qd6+ 18. Kg1 Bd7 19. Qc2 e5 20. Nf5
Qc7 21. Ng3 Ng4 22. Bc3 f5 23. Nh2 Nxh2 24. Kxh2 Rf6 25. Rfe1 Rh6+ 26. Kg1 e4
27. Qd2 f4 28. Nxe4 Bf5 29. f3 Rd8 30. Ba5 Rxd2 31. Bxc7 Bxe4 32. Bxf4 Rg6 33.
Bxd2 Bxf3 34. Kf2 1-0

[Event "Perenyi Bela Memorial"]
[Site "Budapest"]
[Date "2016.01.08"]
[Round "3.11"]
[White "Torok, Tamas Titusz"]
[Black "Karacsonyi, Gellert"]
[Result "1-0"]
[WhiteElo "2129"]
[BlackElo "2013"]
[PlyCount "119"]
[EventDate "2016.01.06"]
[EventType "swiss"]
[EventRounds "9"]
[EventCountry "HUN"]

1. b3 c5 2. e4 b6 3. Bb2 Bb7 4. Nc3 Nc6 5. Nf3 e6 6. Bc4 Nf6 7. e5 Ng4 8. Qe2
Ngxe5 9. Nxe5 Nd4 10. Qd3 Qg5 11. Nxf7 Kxf7 12. O-O-O d5 13. Ba6 c4 14. Bxc4
Bc5 15. Ba6 Bxa6 16. Qxa6 Rhc8 17. Qd3 Kg8 18. g3 Nc6 19. f4 Qe7 20. Kb1 Ba3
21. Rhe1 Bxb2 22. Kxb2 d4 23. Nb5 Nb4 24. Qxd4 Nxc2 25. Qd6 Qf6+ 26. Re5 Kh8
27. Nc3 Rd8 28. Qxe6 Nb4 29. Qxf6 gxf6 30. Re7 Rd6 31. d4 Rad8 32. Rxa7 Rxd4
33. Rxd4 Rxd4 34. Nb1 Re4 35. Rd7 h5 36. a3 Nc6 37. Rd6 Re2+ 38. Rd2 Re6 39.
Nc3 Ne7 40. b4 Kg7 41. Re2 Kf7 42. Rxe6 Kxe6 43. a4 Kf5 44. a5 bxa5 45. bxa5
Kg4 46. a6 Nc8 47. Ne4 Kf5 48. Nf2 Ke6 49. Kc3 Kd5 50. Kd3 f5 51. Nd1 Kc6 52.
Kd4 Kb6 53. Ne3 Kxa6 54. Nxf5 Kb7 55. Ke5 Kc7 56. Kf6 Kd7 57. Kg5 Ke6 58. Ng7+
Kf7 59. Nxh5 Nd6 60. f5 1-0

[Event "Perenyi Bela Memorial"]
[Site "Budapest"]
[Date "2016.01.08"]
[Round "3.12"]
[White "Ongut, Tamas Gunes"]
[Black "Farago, Sandor"]
[Result "1/2-1/2"]
[WhiteElo "1904"]
[BlackElo "2263"]
[PlyCount "39"]
[EventDate "2016.01.06"]
[EventType "swiss"]
[EventRounds "9"]
[EventCountry "HUN"]

1. d4 d5 2. c4 c6 3. cxd5 cxd5 4. Nf3 Nc6 5. Nc3 Nf6 6. Bf4 Bf5 7. e3 e6 8. a3
Bd6 9. Bxd6 Qxd6 10. Bd3 Bxd3 11. Qxd3 O-O 12. O-O Rac8 13. b4 e5 14. Nb5 Qe7
15. dxe5 Nxe5 16. Nxe5 Qxe5 17. Nd4 Rc4 18. Nf3 Qe4 19. Qxe4 dxe4 20. Nd4
1/2-1/2

[Event "Perenyi Bela Memorial"]
[Site "Budapest"]
[Date "2016.01.08"]
[Round "3.13"]
[White "Meszaros, Attila"]
[Black "Balint, Vilmos"]
[Result "0-1"]
[WhiteElo "1906"]
[BlackElo "2261"]
[PlyCount "80"]
[EventDate "2016.01.06"]
[EventType "swiss"]
[EventRounds "9"]
[EventCountry "HUN"]

1. d4 Nf6 2. Nf3 e6 3. g3 b6 4. Bg2 Bb7 5. O-O Be7 6. c4 O-O 7. Nc3 d5 8. Re1
Bb4 9. Qb3 Nc6 10. Bg5 Be7 11. cxd5 Na5 12. Qc2 exd5 13. Ne5 c5 14. dxc5 bxc5
15. Rad1 Qd6 16. Bf4 Qe6 17. Qa4 Bd8 18. Nd3 Rc8 19. Bg5 Bc6 20. Nxc5 Bxa4 21.
Nxe6 Bxd1 22. Nxf8 Rxc3 23. bxc3 Ba4 24. Nd7 Bxd7 25. Bxd5 Nxd5 26. Bxd8 Nc6
27. Rd1 Be6 28. c4 Nc3 29. Rd6 Nxe2+ 30. Kg2 Ned4 31. Ba5 Kf8 32. Bc3 Ne2 33.
Bxg7+ Kxg7 34. Rxc6 Nc3 35. a3 a5 36. Rc5 a4 37. Kf3 Nb1 38. Ra5 Bd7 39. Ra7
Bc6+ 40. Ke3 Nxa3 0-1

[Event "Perenyi Bela Memorial"]
[Site "Budapest"]
[Date "2016.01.08"]
[Round "3.14"]
[White "Tessedik, Karoly"]
[Black "Eperjesi, Laszlo Dr"]
[Result "0-1"]
[WhiteElo "1830"]
[BlackElo "2183"]
[PlyCount "90"]
[EventDate "2016.01.06"]
[EventType "swiss"]
[EventRounds "9"]
[EventCountry "HUN"]

1. b3 Nf6 2. Bb2 e6 3. e3 c5 4. Nf3 Nc6 5. Bb5 Be7 6. Bxc6 bxc6 7. O-O Qc7 8.
d3 d5 9. c4 O-O 10. Nbd2 Nd7 11. Rc1 a5 12. Rc2 a4 13. Qa1 f6 14. Rfc1 Qb6 15.
d4 Bb7 16. dxc5 Bxc5 17. Bd4 Bxd4 18. Qxd4 c5 19. Qg4 Rfd8 20. cxd5 exd5 21.
bxa4 c4 22. Rb1 Qa6 23. Nd4 Nf8 24. N2f3 Bc8 25. Qg3 Qxa4 26. Qc7 Rd7 27. Qg3
Rda7 28. h4 Bf5 29. Rcb2 Bxb1 30. Rxb1 Qd7 31. Rb2 Rxa2 32. Rb6 Ra1+ 33. Kh2
R1a6 34. Rb5 Qd6 35. Nf5 Qxg3+ 36. Kxg3 Ra5 37. Rb7 R5a7 38. Rb5 g6 39. Nh6+
Kg7 40. Ng4 h5 41. Ngh2 Rd7 42. Nd4 Kf7 43. Kf3 Ne6 44. Ne2 Rc8 45. Nc3 d4 0-1

[Event "Perenyi Bela Memorial"]
[Site "Budapest"]
[Date "2016.01.08"]
[Round "3.15"]
[White "Bensaid, Simon"]
[Black "Grimm, Gyorgy"]
[Result "1/2-1/2"]
[WhiteElo "1810"]
[BlackElo "2183"]
[PlyCount "115"]
[EventDate "2016.01.06"]
[EventType "swiss"]
[EventRounds "9"]
[EventCountry "HUN"]

1. d4 d5 2. c4 c6 3. Nc3 dxc4 4. e3 b5 5. a4 b4 6. Ne4 Qd5 7. Nd2 Ba6 8. Qc2
Nf6 9. Ne2 e6 10. Nf4 Qd8 11. Bxc4 Bxc4 12. Nxc4 a5 13. O-O Bd6 14. e4 Bc7 15.
Ne2 O-O 16. Rd1 Nfd7 17. Be3 Qe7 18. d5 cxd5 19. exd5 exd5 20. Rxd5 Re8 21. Ng3
g6 22. Rad1 Nf6 23. R5d4 Nc6 24. R4d3 Rac8 25. Qb1 Ne5 26. Nxe5 Bxe5 27. Bb6
Rb8 28. Bd4 Bxd4 29. Rxd4 Rbc8 30. Nf1 Red8 31. Qd3 Rxd4 32. Qxd4 Kg7 33. Ne3
Qe6 34. h3 Rc7 35. Re1 Rd7 36. Qc5 Rd5 37. Qc4 Qe5 38. Re2 Rd4 39. Qc2 Qd6 40.
Nf1 Nd5 41. Rd2 Nf4 42. Rxd4 Qxd4 43. Ne3 h5 44. Qc7 Ne6 45. Qc2 Nc5 46. Qc4
Qxc4 47. Nxc4 Nxa4 48. b3 Nc5 49. Nxa5 Kf6 50. Kf1 Ke6 51. Nc6 Na6 52. Nd4+ Kd5
53. Nc2 Kc5 54. Ke2 Nc7 55. Kd3 Ne6 56. Ke4 f6 57. h4 Nd8 58. f3 1/2-1/2

[Event "Perenyi Bela Memorial"]
[Site "Budapest"]
[Date "2016.01.09"]
[Round "4.1"]
[White "Koczo, Kristof"]
[Black "Grimm, Daniel"]
[Result "1/2-1/2"]
[WhiteElo "2198"]
[BlackElo "2319"]
[PlyCount "30"]
[EventDate "2016.01.06"]
[EventType "swiss"]
[EventRounds "9"]
[EventCountry "HUN"]

1. d4 d5 2. c4 c6 3. Nf3 dxc4 4. e3 Be6 5. a4 Nf6 6. Na3 Bd5 7. Nxc4 e6 8. Be2
c5 9. O-O Nc6 10. Nce5 cxd4 11. Nxc6 bxc6 12. Qxd4 Bd6 13. b4 O-O 14. Bb2 Qe7
15. b5 Rfd8 1/2-1/2

[Event "Perenyi Bela Memorial"]
[Site "Budapest"]
[Date "2016.01.09"]
[Round "4.2"]
[White "Szalanczy, Emil"]
[Black "Boguszlavszkij, Jevgenyij"]
[Result "1-0"]
[WhiteElo "2267"]
[BlackElo "2193"]
[PlyCount "81"]
[EventDate "2016.01.06"]
[EventType "swiss"]
[EventRounds "9"]
[EventCountry "HUN"]

1. e4 e5 2. Nf3 Nc6 3. Bb5 a6 4. Ba4 d6 5. O-O Bg4 6. c3 Qf6 7. d3 Bxf3 8. Qxf3
Qxf3 9. gxf3 Nge7 10. f4 O-O-O 11. fxe5 dxe5 12. Bc2 g5 13. Kh1 f6 14. Nd2 Ng6
15. Nc4 Bc5 16. b4 Ba7 17. a4 Rd7 18. Be3 Kb8 19. b5 Nd8 20. Rfb1 Ka8 21. bxa6
bxa6 22. Na5 Nf4 23. Rd1 Re8 24. d4 Ree7 25. d5 Rd6 26. Rab1 Ne2 27. Rb3 Bxe3
28. fxe3 Rb6 29. Rdb1 Rxb3 30. Rxb3 c6 31. c4 cxd5 32. exd5 Nb7 33. Nc6 Re8 34.
Rb6 Nc5 35. Bf5 Nc3 36. a5 Nd1 37. d6 Nxe3 38. d7 Nxd7 39. Bxd7 Rf8 40. Rxa6+
Kb7 41. Ra7# 1-0

[Event "Perenyi Bela Memorial"]
[Site "Budapest"]
[Date "2016.01.09"]
[Round "4.3"]
[White "Nemeth, Zoltan"]
[Black "Halak, Miklos"]
[Result "1/2-1/2"]
[WhiteElo "2299"]
[BlackElo "2220"]
[PlyCount "34"]
[EventDate "2016.01.06"]
[EventType "swiss"]
[EventRounds "9"]
[EventCountry "HUN"]

1. d4 d5 2. c4 c6 3. Nf3 Nf6 4. e3 Bg4 5. Nbd2 e6 6. Bd3 Be7 7. h3 Bh5 8. Qb3
Qb6 9. Ne5 Nbd7 10. Nxd7 Nxd7 11. O-O Bg6 12. Bxg6 hxg6 13. e4 dxe4 14. Nxe4
Qxb3 15. axb3 Rh4 16. Re1 Nf6 17. Nc3 Rxd4 1/2-1/2

[Event "Perenyi Bela Memorial"]
[Site "Budapest"]
[Date "2016.01.09"]
[Round "4.4"]
[White "Czegledi, Barna Jr"]
[Black "Orso, Miklos"]
[Result "1/2-1/2"]
[WhiteElo "2127"]
[BlackElo "2283"]
[PlyCount "36"]
[EventDate "2016.01.06"]
[EventType "swiss"]
[EventRounds "9"]
[EventCountry "HUN"]

1. d4 Nf6 2. c4 c5 3. d5 g6 4. Nc3 Bg7 5. e4 d6 6. Nge2 O-O 7. Ng3 e5 8. Be2 a6
9. O-O Ne8 10. Be3 f5 11. exf5 gxf5 12. f4 e4 13. Qd2 Nd7 14. a3 Nc7 15. b4 b5
16. Rab1 bxc4 17. bxc5 Nxc5 18. Bxc4 Nb5 1/2-1/2

[Event "Perenyi Bela Memorial"]
[Site "Budapest"]
[Date "2016.01.09"]
[Round "4.5"]
[White "Piroska, Istvan"]
[Black "Lengyel, Bela"]
[Result "0-1"]
[WhiteElo "2104"]
[BlackElo "2246"]
[PlyCount "78"]
[EventDate "2016.01.06"]
[EventType "swiss"]
[EventRounds "9"]
[EventCountry "HUN"]

1. e4 e5 2. Nf3 Nc6 3. Bc4 Nf6 4. d3 Bc5 5. a4 d6 6. h3 Be6 7. Nc3 a6 8. O-O
Bxc4 9. dxc4 h6 10. Re1 O-O 11. Nd5 Nxd5 12. cxd5 Ne7 13. c3 Qd7 14. b4 Ba7 15.
Be3 Bxe3 16. Rxe3 f5 17. Nh4 fxe4 18. Rxe4 Rf6 19. c4 Raf8 20. Ra2 g5 21. Nf3
Rxf3 22. gxf3 Qxh3 23. Ra3 Ng6 24. Qf1 Qh5 25. Qg2 Nf4 26. Qg4 Qf7 27. a5 Kg7
28. Kh2 Kg6 29. Qg1 h5 30. Qg3 Kh6 31. Kh1 Rg8 32. Qh2 Rg6 33. Qg3 Qf5 34. Rae3
Qf6 35. Qh2 g4 36. Kg1 gxf3+ 37. Kf1 Ne2 38. Rxe2 fxe2+ 39. Kxe2 Qg5 0-1

[Event "Perenyi Bela Memorial"]
[Site "Budapest"]
[Date "2016.01.09"]
[Round "4.6"]
[White "Mihalka, Zsolt"]
[Black "Torok, Tamas Titusz"]
[Result "1-0"]
[WhiteElo "2233"]
[BlackElo "2129"]
[PlyCount "141"]
[EventDate "2016.01.06"]
[EventType "swiss"]
[EventRounds "9"]
[EventCountry "HUN"]

1. e4 e5 2. Nf3 Nc6 3. Bc4 Bc5 4. b4 Bxb4 5. c3 Ba5 6. d4 d6 7. Qb3 Qd7 8. dxe5
Bb6 9. Bb5 Nge7 10. exd6 cxd6 11. O-O O-O 12. Nbd2 a6 13. Be2 Bc5 14. Ba3 Qc7
15. Rad1 Ng6 16. Rfe1 b5 17. Bxc5 dxc5 18. Qd5 c4 19. g3 Bb7 20. Qh5 Rfe8 21.
a4 Nce5 22. axb5 axb5 23. Nd4 Ra5 24. f4 Nd3 25. Bxd3 cxd3 26. N4b3 Ra6 27.
Qxb5 Rd8 28. c4 Rb6 29. Qc5 Rc6 30. Qa5 Qe7 31. Qb5 Qc7 32. Ra1 Rb6 33. Qc5 Rc6
34. Qa5 Qe7 35. Qb5 Rc7 36. Ra7 Rdd7 37. Ra5 Rd8 38. Qb6 Rc6 39. Qe3 Rc7 40.
Ra7 Qb4 41. Na5 Qe7 42. Rxb7 Rxb7 43. Nxb7 Qxb7 44. Rb1 Qd7 45. Rc1 Qg4 46. Qf3
Qd7 47. Qe3 Ne7 48. c5 Nc6 49. Nc4 Qd4 50. Qxd4 Nxd4 51. Kf2 Nb3 52. Rd1 Nxc5
53. Ke3 Ra8 54. e5 f6 55. Kd4 Ne6+ 56. Kxd3 Rd8+ 57. Nd6 fxe5 58. fxe5 Ng5 59.
Kd4 Ra8 60. h4 Ra4+ 61. Nc4 Nf3+ 62. Kd5 Rxc4 63. Kxc4 Nxe5+ 64. Kd5 Ng4 65.
Ke6 h6 66. Rd8+ Kh7 67. Rd4 h5 68. Kf5 Kh6 69. Rd6+ Kh7 70. Kg5 Nf6 71. Rxf6
1-0

[Event "Perenyi Bela Memorial"]
[Site "Budapest"]
[Date "2016.01.09"]
[Round "4.7"]
[White "Balint, Vilmos"]
[Black "Letay, Gyula"]
[Result "1-0"]
[WhiteElo "2261"]
[BlackElo "1931"]
[PlyCount "71"]
[EventDate "2016.01.06"]
[EventType "swiss"]
[EventRounds "9"]
[EventCountry "HUN"]

1. Nf3 Nf6 2. g3 g6 3. Bg2 Bg7 4. O-O O-O 5. c4 c5 6. d4 cxd4 7. Nxd4 d6 8. Nc3
a6 9. b3 Qc7 10. Bb2 Nc6 11. e3 Bd7 12. Rc1 Nxd4 13. exd4 Bf5 14. Qd2 Qd7 15.
Rfe1 Rfe8 16. Na4 Rad8 17. Bc3 b5 18. Nb6 Qa7 19. Ba5 bxc4 20. bxc4 e5 21. Bc6
Rf8 22. Nd5 Ne4 23. Ne7+ Qxe7 24. Bxd8 Nxd2 25. Bxe7 Rc8 26. Bg5 Rxc6 27. Bxd2
h6 28. dxe5 dxe5 29. c5 Be6 30. a4 f5 31. Be3 Bf8 32. Rb1 Bd5 33. Red1 Bf3 34.
Rd8 g5 35. Rbb8 Rf6 36. c6 1-0

[Event "Perenyi Bela Memorial"]
[Site "Budapest"]
[Date "2016.01.09"]
[Round "4.8"]
[White "Eperjesi, Laszlo Dr"]
[Black "Csapo, Zoltan"]
[Result "1/2-1/2"]
[WhiteElo "2183"]
[BlackElo "1976"]
[PlyCount "97"]
[EventDate "2016.01.06"]
[EventType "swiss"]
[EventRounds "9"]
[EventCountry "HUN"]

1. d4 Nf6 2. c4 g6 3. Nc3 Bg7 4. e4 d6 5. f3 c6 6. Be3 a6 7. Bd3 b5 8. Nge2
bxc4 9. Bxc4 Nbd7 10. O-O Rb8 11. Qd2 Qa5 12. a3 O-O 13. b4 Qc7 14. Rac1 Nb6
15. Bd3 Bb7 16. Kh1 Qd8 17. Bh6 e5 18. Bxg7 Kxg7 19. Rfd1 Qe7 20. dxe5 dxe5 21.
Ng3 Ne8 22. Qe3 Bc8 23. Nb1 Qe6 24. Qc5 Na4 25. Qc2 Nb6 26. Qxc6 Qe7 27. Nd2
Bd7 28. Qc5 Qxc5 29. bxc5 Na4 30. Bxa6 Nb2 31. Rf1 Nc7 32. Be2 Nb5 33. c6 Be6
34. c7 Rb6 35. Bxb5 Rxb5 36. Ne2 Rc8 37. Rc2 Nd3 38. Rb1 Rc5 39. Rxc5 Nxc5 40.
Rc1 Rxc7 41. Kg1 Kf6 42. Rc3 Ke7 43. Kf2 Kd6 44. Ke3 Rb7 45. Nc4+ Bxc4 46. Rxc4
Rb3+ 47. Rc3 Rb2 48. g3 f5 49. h4 1/2-1/2